Wave motion (Record no. 78418)

MARC details
000 -LEADER
fixed length control field 00883nam a2200205 a 4500
008 - FIXED-LENGTH DATA ELEMENTS--GENERAL INFORMATION
fixed length control field 090320s2000 ||||||||||||||||| || u
020 ## - INTERNATIONAL STANDARD BOOK NUMBER
International Standard Book Number 0521634504
050 ## - LIBRARY OF CONGRESS CALL NUMBER
Classification number QA 927 Bil
100 ## - MAIN ENTRY--PERSONAL NAME
Personal name Billingham, J
245 10 - TITLE STATEMENT
Title Wave motion
Statement of responsibility, etc J. Billingham and A. C. King
260 ## - PUBLICATION, DISTRIBUTION, ETC. (IMPRINT)
Place of publication, distribution, etc Cambridge
Name of publisher, distributor, etc Cambridge University P
Date of publication, distribution, etc 2000
300 ## - PHYSICAL DESCRIPTION
Extent ix, 464p.: ill.
350 ## -
-- 0.00
490 ## - SERIES STATEMENT
Series statement Cambridge texts in applied mathematics
650 #0 - SUBJECT ADDED ENTRY--TOPICAL TERM
Topical term or geographic name as entry element MATHEMATICS--HANDBOOKS, MANUALS, ETC
650 ## - SUBJECT ADDED ENTRY--TOPICAL TERM
Topical term or geographic name as entry element WAVE-MOTION, THEORY OF
700 ## - ADDED ENTRY--PERSONAL NAME
Personal name King, A. C
995 ## - RECOMMENDATION 995 [LOCAL, UNIMARC FRANCE]
-- 0.00
-- CBU-MAIN LIBRARY (Kitwe)
-- 1
-- 0.00
-- 1
-- AVAILABLE
-- Apr 16, 2009
-- Main Library Open Access Collection
995 ## - RECOMMENDATION 995 [LOCAL, UNIMARC FRANCE]
-- 0.00
-- CBU-MAIN LIBRARY (Kitwe)
-- 1
-- 0.00
-- 2
-- AVAILABLE
-- Mar 10, 2010
-- Main Library Open Access Collection
Holdings
Withdrawn status Lost status Source of classification or shelving scheme Damaged status Not for loan Permanent Location Current Location Shelving location Date acquired Total Checkouts Full call number Barcode Date last seen Copy number Price effective from Koha item type
          CBU-MAIN LIBRARY, KITWE. CBU-MAIN LIBRARY, KITWE.   05/16/2023   QA 927 Bil 739799 05/16/2023 1 05/16/2023 MONOGRAPH
          CBU-MAIN LIBRARY, KITWE. CBU-MAIN LIBRARY, KITWE.   05/16/2023   QA 927 Bil 740547 05/16/2023 2 05/16/2023 MONOGRAPH